000
00256nam a22000857a 4500
008
160912b xxu||||| |||| 00| 0 eng d
100
_9
392
_a
Modi, K., et al
245
_a
Together With Life - A Celebration - 5
260
_a
New Delhi
_b
Rachna Sagar publication
_c
2008
999
_c
3050
_d
3050